[Event "Hospitalet de Llobregat op 4th"]
[Site "Hospitalet de Llobregat"]
[Date "2019.04.27"]
[Round "3"]
[White "Ruiz Manchon, Francesco Xavier"]
[Black "Torres Ribe, Ricard"]
[Result "1-0"]
[WhiteElo "2147"]
[BlackElo "1616"]
[PlyCount "81"]
[EventDate "2019.04.06"]
[EventType "swiss"]
[EventRounds "9"]
[EventCountry "ESP"]
[SourceTitle "CBM 190 Extra"]
[Source "ChessBase"]
[SourceDate "2019.07.15"]
[SourceVersion "1"]
[SourceVersionDate "2019.07.15"]
[SourceQuality "1"]

1. e4 c5 2. c3 d6 3. d4 cxd4 4. cxd4 Nf6 5. Nc3 a6 6. a4 b6 7. Nf3 Bb7 8. Bd3 e6 9. 0-0 Be7 10. Qe2 0-0 11. Re1 Re8 12. Bg5 Nfd7 13. Be3 Nf8 14. Rad1 Nbd7 15. Bc1 Ng6 16. Bb1 Qc7 17. g3 Nf6 18. h4 h5 19. Nh2 e5 20. d5 Bc8 21. f3 Bd7 22. Be3 Reb8 23. Rc1 Qd8 24. Bd3 Bc8 25. Rc2 Nd7 26. b4 a5 27. Rb1 axb4 28. Rxb4 Nc5 29. Bb5 f5 30. exf5 Bxf5 31. Rd2 Qf8 32. Ne4 Rc8 33. Ng5 Qf6 34. Ne4 Qf7 35. Rdb2 Kh8 36. Bc6 Rab8 37. Nxc5 dxc5 38. Rxb6 Rxb6 39. Rxb6 Qf8 40. a5 Qd8 41. f4 1-0